Sorting Things Out : Classification and Its Consequences /

Estudio acerca de la clasificación, actividad concebida por los autores como un proceso primordialmente intelectual que cimienta las infraestructuras de información e implica importantes consecuencias morales y políticas. Los autores, quienes apoyan su exposición en ejemplos tan disímbolos como la c...

Cijeli opis

Spremljeno u:
Bibliografski detalji
Glavni autor: Bowker, Geoffrey C. (autor)
Daljnji autori: Star, Susan Leigh (autor) (autor)
Format: Knjiga
Jezik:engleski
Izdano: Cambridge, EUA : Massachusetts Institute of Technology, 1999, c1999
Boulder, EUA : NetLibrary [distribución], 2000
Serija:(Inside Technology)
Teme:
Online pristup:Ver documento en línea
Oznake: Dodaj oznaku
Bez oznaka, Budi prvi tko označuje ovaj zapis!

MARC

LEADER 00000nam^a2200000^a^4500
001 000191991
005 20251023000000.0
009 20260310102546.856
020 |a 0-5851-2397-7 
020 |a 0-262-02461-6 
037 |a Acervo ITESO - Biblioteca 
041 |a ING 
082 |a 121.  |b BOW 
100 |a Bowker, Geoffrey C.  |e (autor) 
245 1 0 |a Sorting Things Out :  |b Classification and Its Consequences /  |c G.C. Bowker, S.L. Star. 
264 4 |a Cambridge, EUA :  |b Massachusetts Institute of Technology,  |c 1999, c1999 
264 4 |a Boulder, EUA :  |b NetLibrary [distribución],  |c 2000 
300 |a 1 libro electrónico en línea (XII, 377 p.) 
300 |a 1 recurso en línea 
336 |a datos para computadora  |b cod  |2 rdacontenido 
337 |a computadora  |b c  |2 rdamedio 
338 |a recurso en línea  |b cr  |2 rdasoporte 
440 1 |a (Inside Technology) 
506 1 |a 3 licencias 
520 |a Estudio acerca de la clasificación, actividad concebida por los autores como un proceso primordialmente intelectual que cimienta las infraestructuras de información e implica importantes consecuencias morales y políticas. Los autores, quienes apoyan su exposición en ejemplos tan disímbolos como la clasificación internacional de enfermedades o la clasificación racial bajo el apartheid en Sudáfrica, enfatizan el carácter invisible de la clasificación en el proceso de ordenar las interacciones humanas; sin embargo, a la vez que exploran cómo una categorización es elaborada y mantenida en la invisibilidad, también muestran cómo las personas pueden cambiar dicho carácter cuando es necesario. 
530 |a Existe una edición en formato impreso con el mismo título 
649 |a XX 
650 |a Clasificación -  |x Tema Principal 
650 |a Psicología Cognitiva 
650 |a Sistemas de Información 
650 |a Informática 
650 |a Ingeniería Computacional 
650 |a Biblioteconomía 
650 |a Política 
650 |a Etica 
650 |a Epistemología 
650 |a Sociología del Conocimiento -  |x Tema Principal 
650 |a Metodología 
650 |a Epistemología 
700 |a Star, Susan Leigh  |e (autor) 
856 4 0 |u https://ezproxy.iteso.mx/login?url=https://search.ebscohost.com/login.aspx?direct=true&scope=site&db=nlebk&db=nlabk&AN=13186  |y Ver documento en línea 
910 |a Fondo General 
920 |a Electrónicos - Libros en Línea 
930 |a Plataforma Digital 
905 |a 205 
901 |a 191991-1  |b IT2  |c EBO  |i C53  |u 20250521 
901 |a 191991-2  |b IT2  |c EBO  |i C53  |u 20250521 
901 |a 191991-3  |b IT2  |c EBO  |i C53  |u 20250521 
902 |a https://opac.biblio.iteso.mx/vufind/Record/000191991